Statistics for South Park Character Quiz

Click here to take the quiz!

General Stats

  • This quiz has been taken 176 times
  • The average score is 15 of 24

Answer Stats

CatchphraseCharacter% Correct
Woah dudeStan Marsh
100%
I'm not fat, I'm big bonedEric Cartman
99%
You know, I've learned something todayKyle Broflovski
99%
*muffle* *muffle* *muffle* Woo-hoo!Kenny McCormick
98%
Hello childrenChef
92%
Oh, hamburgersButters Stotch
89%
MmkayMr. Mackey
88%
Timmy!!!Timmy
88%
You go to hell and you dieMr. Garrison
79%
Stan? Stan!Randy Marsh
76%
Wow what a terrific audienceJimmy Valmer
75%
Do you wanna get high?Towelie
70%
Hoooowdy HooooMr. Hankey
69%
What What What?!?!?Sheila Broflovski
66%
I can't handle this kind of pressureTweek
61%
It's coming right for usJimbo Kern
45%
Oh Jesus ChristMr. Slave
43%
I'm super, thanks for askingBig Gay Al
41%
I'm serialAl Gore
39%
You are grounded misterSteven Stotch
31%
Sit down and shut upVeronica Crabtree
26%
Shitty WokTuong Lu Kim
14%
They took our jobsDarryl Weathers
7%
I am above the lawMr. Big Record Producer
2%

Score Distribution

Percentile by Number Answered

Percent of People with Each Score

Your Score History

You have not taken this quiz